| 000 | 00458nam a2200121Ia 4500 | ||
|---|---|---|---|
| 008 | 160712s9999 xx 000 0 und d | ||
| 100 | _aAbad, Heidi Eusebio. | ||
| 245 |
_cHeidi Eusebio Abad _aPesteng Buhay ‘To Mga Tulang Pambata Tungkol sa mga Peste |
||
| 260 |
_c2013 _bJournal of English Studies and Comparative Literature |
||
| 300 | _avol. 13 no. 1 | ||
| 650 | _xLITERATURE | ||
| 856 | _uhttp://journals.upd.edu.ph/index.php/jescl/issue/view/410/showToc | ||
| 999 |
_c297323 _d297323 |
||